000 01606nam a2200445 4500
001 22306
003 VRT
005 20260326083056.0
008 200612s2019 xo d 000 f slo d
020 _a9788022210157
_q(brožované)
035 _aa000661569
039 9 _a202210170924
_bfuskovaz
_c202009291056
_dizakovicm
_c202009231405
_dkucmanj
_c202006121119
_dhlavenkova
040 _aSKPK
_bslo
_cSKPK
_dUKB
_erda
041 1 _aslo
_heng
044 _axo
_cSK
072 7 _a821.111(73)-3
_xAmerická próza
_2konspekt
080 _a821.111(73)-31
_22011
080 _a(0:82-311.4) 
_22011
080 _a(0:82-312.5)
_22011
100 1 _aShen, L. J.
_4aut
240 1 4 _aThe kiss thief.
_lSlovensky
245 1 0 _aUkradnutý bozk
_cL. J. Shenová ; z anglického originálu The kiss thief ... preložila Natália Rondzíková
246 1 _iObálkový podnázov:
_aRomán o dohodnutom manželstve
250 _aVydanie I.
264 1 _aBratislava
_bTatran
_c2019
300 _a286 strán
_c24 cm
336 _atext
_btxt
_2rdacontent
337 _abez média
_bn
_2rdamedia
338 _azväzok
_bnc
_2rdacarrier
530 _aDostupný aj zvukový záznam
655 7 _aamerické romány
_2UKBPH
655 7 _aspoločenské romány
_2UKBPH
655 7 _aľúbostné romány
_2UKBPH
700 1 _aRondziková, Natália
_4trl
776 0 _tUkradnutý bozk
_i[zvukový záznam]
942 _2ddc
_cKLDO
_n0
949 _61800819411
_aSJ.D.24630
_bPV.2020-4117
949 _61800819412
_aSK.D.91613
_bPV.2020-4118
_s6707:20200930
980 _aVydavateľstvo Tatran, s.r.o., Klariská 16, 815 82 Bratislava
999 _c22306
_d22306